000 01747cam a2200457 4500
001 WS114350
008 010828n 000 0 eng u
035 _a(Sirsi) u114350
110 _aDepartment for Environment, Food and Rural Affairs
_94094
245 _aDEFRA : Wildlife, Countryside and Flood Management
520 _aWeb site for the Wildlife and Countryside Directorate, whose aims is 'to enhance opportunity in rural areas, improve enjoyment of the countryside and conserve and manage wildlife resources'. Includes pages on rural regeneration, wildlife crime, forestry, hedgerows and the Convention on International Trade in Endangered Species.
650 _aGOVERNMENT
650 _aWILDLIFE AND COUNTRYSIDE DIRECTORATE
650 _aRURAL REGENERATION
650 _aWILDLIFE
650 _aWILDLIFE CRIME
650 _aFORESTRY
650 _aHEDGEROWS
650 _aZOOS
650 _aCONVENTION ON INTERNATIONAL TRADE IN ENDANGERED SPECIES
650 _aCITES
650 _aCARAVAN SITES
650 _aRESEARCH
650 _aRURAL TASKFORCE
650 _aRURAL WHITE PAPER
650 _aCOUNTRYSIDE AND RIGHTS OF WAY ACT 2000
650 _aNATIONAL PARKS
650 _aAREAS OF OUTSTANDING NATURAL BEAUTY
650 _aCOMMON LAND
650 _aRIGHTS OF WAY
650 _aCOAST
650 _aRURAL DEVELOPMENT REGULATION
650 _aBUSES
650 _aREGIONAL DEVELOPMENT AGENCIES
650 _aHABITATS
650 _aWILDLIFE INSPECTORATE
650 _aPARTNERSHIP FOR ACTION AGAINST WILDLIFE CRIME
690 _aRURAL-NATURE CONSERVATION
856 4 0 _uhttps://www.defra.gov.uk/wildlife-countryside/index.htm
_zView the website free of charge at www.defra.gov.uk...
942 _n0
999 _c119867
_d119867